000
002350000a22000970004500
100
1
_a
Thomas, Geoffrey
245
1
0
_a
The keswick santification theory
300
_a
Vol. 9, Núm 3 (1991), Páginas 27-32
773
0
_t
Evangel
942
_c
ANA
999
_c
54266
_d
54266